| 000 | 01600cam a22004697i 4500 | ||
|---|---|---|---|
| 001 | 120586 | ||
| 005 | 20230411085948.0 | ||
| 008 | 110419t20112011oncb b 001 0 eng | ||
| 016 | _a20140027084 | ||
| 020 | _a9780385662543 | ||
| 020 | _a0385662548 | ||
| 035 | _a(CaOOAMICUS)000039099356 | ||
| 040 |
_aCaOONL _beng _erda _cCaOONL |
||
| 055 | 0 | 1 |
_aHV 640 _bL229f 2011 |
| 082 | 1 | _a325 | |
| 100 | 1 | _aLamey, Andy | |
| 245 | 1 | 0 |
_aFrontier justice : _bthe global refugee crisis and what to do about it / _cAndy Lamey. |
| 246 | 3 | 0 | _aGlobal refugee crisis and what to do about it |
| 260 |
_a[Toronto] : _bDoubleday Canada, _c[2011] |
||
| 300 |
_a408 p. : _bmaps ; _c24 cm. |
||
| 504 | _aIncludes bibliographical references and index. | ||
| 650 | 0 | _aRefugees. | |
| 650 | 0 | _aPolitical refugees. | |
| 650 | 0 |
_aRefugees _xCivil rights. |
|
| 650 | 0 | _aHuman rights. | |
| 650 | 0 | _aAsylum, Right of. | |
| 650 | 4 | _aRefugiados. | |
| 650 | 4 | _aDerechos humanos. | |
| 650 | 4 | _aDerechos civiles. | |
| 650 | 4 | _aRefugiados políticos. | |
| 650 | 4 | _aDerecho de asilo. | |
| 650 | 4 | _a20150900 | |
| 650 | 6 | _aDroit d'asile. | |
| 650 | 6 | _aRéfugiés. | |
| 650 | 6 | _aRéfugiés politiques. | |
| 650 | 6 | _aDroits de l'homme (Droit international) | |
| 850 | 1 | _mHV640 L35 2011 | |
| 851 |
_xNL Stacks (HD-395) _mHV640 L35 2011 _qLAC copy: Hardcover. _A1 85732 _B16591337 _F33286560838753 _SHV 0640 L35 2011 /S |
||
| 851 |
_xPreserv - off site (HD-CSF) _mB-160184 _nCopy 2 _qLAC copy: Hardcover. _A0 8273P _B16591338 _F33286560838803 _SB000160184 |
||
| 942 |
_2lcc _cbk |
||
| 946 | _aJaaM | ||
| 999 |
_c110062 _d110062 |
||